Tvorba veľkoobchodných cien a regulácia zdrojov v podnikoch potravinárskeho priemyslu na Slovensku Záverečná správa čiastkovej úlohy. ŠPEV 902529510-04
Enregistré dans:
| Auteur principal: | |
|---|---|
| Format: | Livre |
| Langue: | slovaque |
| Publié: |
Bratislava
Výskumný ústav ekonomiky poľnohospodárstva a potravinárstva
1989
|
| Tags: |
Pas de tags, Soyez le premier à ajouter un tag!
|
MARC
| LEADER | 00000nam a2200000 4500 | ||
|---|---|---|---|
| 001 | c040485 | ||
| 005 | 20221215071723.3 | ||
| 041 | 0 | |a slo | |
| 044 | |a SK | ||
| 245 | 1 | 0 | |a Tvorba veľkoobchodných cien a regulácia zdrojov v podnikoch potravinárskeho priemyslu na Slovensku |b Záverečná správa čiastkovej úlohy. ŠPEV 902529510-04 |c Rudolf Kovačič |
| 264 | 1 | |a Bratislava |b Výskumný ústav ekonomiky poľnohospodárstva a potravinárstva |c 1989 | |
| 300 | |a 56 s. | ||
| 100 | 1 | |a Kovačič, Rudolf | |